| 000 | 00590nam a2200205Ia 4500 | ||
|---|---|---|---|
| 003 | GCL | ||
| 008 | 140319s9999 xx 000 0 ara d | ||
| 040 |
_aGCL / _cGCL |
||
| 082 | 0 | 4 |
_a953.0738 _bع ق |
| 100 | 1 | _aعارف تامر | |
| 245 | 1 | 0 |
_aالقرامطة اصلهم - نشأتهم - تاريخهم - حروبهم / _cعارف تامر |
| 300 | _a216 ص | ||
| 490 | _a | ||
| 650 | 0 | 4 | _aالتاريخ الاسلامى |
| 650 | 0 | 4 | _aالفرق الاسلامية |
| 650 | 0 | 4 | _aالشيعة |
| 650 | 0 | 4 | _aالاسماعيلية |
| 650 | 0 | 4 | _aالقرامطة |
| 942 |
_2ddc _cBK |
||
| 999 |
_c39455 _d39455 |
||